000 01452cam a22004454i 4500
003 PE-LiUPU
005 20250731173059.0
008 150623s r 000 0 d
020 _a3825305333
035 _a(Sirsi) i9783825305338
040 _aPE-LiUPU
_bspa
_cPE-LiUPU
_erda
049 _aPRUA
082 0 4 _a262.14
_bP66
_221
245 0 0 _aPriests and officials in the ancient near east.
264 1 _aHeidelberg, Germany :
_bUniversitasverlag C. Winter,
_c1999.
300 _a366 páginas :
_bilustraciones fotos., gráficos ;
_c25 centímetros
336 _atext
_2rdacontent
337 _aunmediated
_2rdamedia
338 _avolume
_2rdacarrier
505 0 _aPriests and officials in the ancient near east.
526 _aSEG42
526 _aSEG41
526 _aSEG40
526 _aSEG39
526 _aP94
526 _aP87
526 _aP86
526 _aP85
526 _aP77
526 _aP76
526 _aP35
650 0 4 _aSacerdotes
_zCercano Oriente.
700 1 _aWatanabe, Kazuko,
_eed.
942 _2ddc
_cBOOK
949 _a262.14 P66
_wDEWEY
_c1
_i48761
_lCCODEBUL1
_mBUL
_r0
_sY
_tBOOK
_u2015-6-24
_xTEOLOGIA
_PP35
_0COMPRA
_o.STAFF. Colección General
994 _aC0
_bPEPRU
596 _a1
999 _a262.14 P66
_wDEWEY
_c27928
_i48761
_f2021-11-10
_g5
_lCCODEBUL1
_mBUL
_q1
_r0
_sY
_tBOOK
_u2015-6-24
_xTEOLOGIA
_PP35
_0COMPRA
_o.STAFF. Colección General
_d27928
980 _81
_gALBERTO SANCHEZ Responsable de Automatización